France, Germany and the European Union : (Record no. 123779)

MARC details
000 -LEADER
fixed length control field 00816nam a22002537a 4500
003 - CONTROL NUMBER IDENTIFIER
control field dpl
005 - DATE AND TIME OF LATEST TRANSACTION
control field 20180806142153.0
008 - FIXED-LENGTH DATA ELEMENTS--GENERAL INFORMATION
fixed length control field 180806b xxu||||| |||| 00| 0 eng d
010 ## - LIBRARY OF CONGRESS CONTROL NUMBER
LC control number B-120490
020 ## - INTERNATIONAL STANDARD BOOK NUMBER
Terms of availability 450.00
International Standard Book Number 97881879121
035 ## - SYSTEM CONTROL NUMBER
System control number B-120490, B-120494
037 ## - SOURCE OF ACQUISITION
Source of stock number/acquisition Cen Lib/Ret
040 ## - CATALOGING SOURCE
Original cataloging agency DPL
Language of cataloging EN
Transcribing agency 0
082 ## - DEWEY DECIMAL CLASSIFICATION NUMBER
Classification number 327
Item number END
100 ## - MAIN ENTRY--PERSONAL NAME
Personal name Endow, Aparajita
9 (RLIN) 8003
245 ## - TITLE STATEMENT
Title France, Germany and the European Union :
Statement of responsibility, etc by Aparajita Endow
Remainder of title maastricht and after /
260 ## - PUBLICATION, DISTRIBUTION, ETC. (IMPRINT)
Place of publication, distribution, etc Delhi
Name of publisher, distributor, etc Aakar Books
Date of publication, distribution, etc 2003
270 ## - ADDRESS
Address 28-E, Pocket-IV, Mayur Phase-I
City Delhi
Postal code 110091
300 ## - PHYSICAL DESCRIPTION
Extent xv,237p.
Dimensions 22cm(Hb)
500 ## - GENERAL NOTE
General note Includes bibliographical references and index
650 ## - SUBJECT ADDED ENTRY--TOPICAL TERM
Topical term or geographic name as entry element European Union countries
9 (RLIN) 7817
650 ## - SUBJECT ADDED ENTRY--TOPICAL TERM
Topical term or geographic name as entry element Diplomatic relations
9 (RLIN) 8004
942 ## - ADDED ENTRY ELEMENTS (KOHA)
Source of classification or shelving scheme Dewey Decimal Classification
Koha item type English Books
Classification part 327
Call number suffix END
Holdings
Withdrawn status Lost status Damaged status Not for loan Home library Current library Date acquired Source of acquisition Cost, normal purchase price Total Checkouts Full call number Barcode Date last seen Copy number Cost, replacement price Price effective from Koha item type Source of classification or shelving scheme Collection code
        Central Library Central Library 12/06/2015 Cen Lib/Ret 450.00   327 END B-120490 12/06/2015 1 450.00 12/06/2015 English Books    
        Shahdara Branch Shahdara Branch 06/08/2018 BPPD/PUB 450.00   327 END B-120494 06/08/2018   450.00 06/08/2018 English Books Dewey Decimal Classification Non-fiction

© Delhi Public Library
Hit Counter
free hit counter